Statistiques concernant Finale du Top 14 2020-21 : Toulouse - La Rochelle

Cliquez ici pour prendre le quiz!

Statistiques générales

  • Ce quiz a été pris 536 fois
  • Le résultat moyen est 21 sur 46

Statistiques - réponses

EquipeJoueur% Correct
ToulouseAntoine Dupont
97%
ToulouseThomas Ramos
89%
La RochelleJules Le Bail
87%
ToulouseJulien Marchand
85%
ToulouseFrançois Cros
74%
ToulouseCyril Baille
72%
ToulouseRichie Arnold
72%
ToulouseRory Arnold
72%
ToulouseMatthis Lebel
71%
La RochelleGrégory Alldritt
70%
ToulouseCheslin Kolbe
63%
ToulousePeato Mauvaka
62%
La RochelleUini Atonio
62%
La RochelleBrice Dulin
59%
La RochelleIhaia West
59%
ToulousePita Ahki
55%
ToulouseJuan Cruz Mallía
51%
ToulouseMaxime Médard
51%
ToulouseDorian Aldegheri
50%
La RochelleWill Skelton
49%
ToulouseSelevasio Tolofua
46%
ToulouseCharlie Faumuina
45%
La RochelleTawera Kerr-Barlow
45%
ToulouseSantiago Chocobares
43%
ToulouseThibaud Flament
41%
La RochelleRaymond Rhule
39%
La RochelleRomain Sazy
38%
La RochelleArthur Retière
37%
ToulouseJerome Kaino
37%
La RochelleReda Wardi
37%
ToulouseRodrigue Neti
36%
La RochelleDillyn Leyds
35%
ToulouseRynhardt Elstadt
34%
ToulouseIosefa Tekori
30%
La RochelleDany Priso
26%
La RochelleJules Favre
25%
La RochelleJules Plisson
24%
La RochelleVictor Vito
24%
La RochelleFacundo Bosch
23%
ToulouseAlexis Balès
22%
La RochelleGeoffrey Doumayrou
18%
La RochelleKevin Gourdon
17%
La RochelleThomas Lavault
17%
La RochelleWiaan Liebenberg
17%
La RochelleSamuel Lagrange
8%
La RochelleArthur Joly
7%

Distribution des résultats

Percentile par nombre de réponses

% des personnes avec chaque résultat

Votre développement - résultats

Vous n’avez pas pris ce quiz